000 00331nam a2200133Ia 4500
005 20251222141934.0
008 251222s9999||||xx |||||||||||||| ||spa||
020 _a84-89308-51-9
082 _a269.2/D86/1992
100 _aDoig Klinge, Germán
245 0 _aDe Río a Santo Domingo
264 _bVida y Espiritualidad
942 _cLIB
999 _c9121
_d9121